| 000 | 00398nam a2200157Ia 4500 | ||
|---|---|---|---|
| 003 | GCL | ||
| 008 | 140319s9999 xx 000 0 eng d | ||
| 040 |
_aGCL / _cGCL |
||
| 082 | 0 | 4 |
_aCH _b032 _bL S |
| 100 | 1 | _aLEOKUM, ARKADY | |
| 245 | 1 | 0 |
_aSTILL MORE: TELL ME WHY / _cLEOKUM, ARKADY |
| 260 |
_a[S.N] : _bHAM LYN ، _c1987 |
||
| 300 | _a399 | ||
| 650 | 0 | 4 | _aKNOWLEDGE AND LEARNING |
| 942 |
_2ddc _cBK |
||
| 999 |
_c17899 _d17899 |
||